[Event "Sukhumi op"]
[Site "Sukhumi"]
[Date "2006.08.04"]
[Round "1"]
[White "Permiakov, Vladimir"]
[Black "Kuzmenko, Elena"]
[Result "1-0"]
[WhiteElo "2337"]
[BlackElo "2122"]
[PlyCount "35"]
[EventDate "2006.08.04"]
[EventType "swiss"]
[EventRounds "9"]
[EventCountry "GEO"]
[SourceTitle "EXT 2011"]
[Source "ChessBase"]
[SourceDate "2010.11.26"]
[SourceVersion "1"]
[SourceVersionDate "2010.11.26"]
[SourceQuality "1"]

1. c4 Nf6 2. Nc3 d5 3. cxd5 Nxd5 4. g3 Nxc3 5. bxc3 Qd5 6. Nf3 e5 7. Bg2 e4 8. Nd4 f5 9. f3 Bc5 10. fxe4 fxe4 11. Qa4+ c6 12. Nb3 0-0 13. Qxe4 Bf2+ 14. Kd1 Qb5 15. Ba3 c5 16. Rf1 Re8 17. Qf3 Be6 18. Rxf2 1-0

[Event "Novosibirsk"]
[Site "Novosibirsk"]
[Date "2004.08.??"]
[Round "4"]
[White "Alimgozhina, Elmira"]
[Black "Permiakov, Vladimir"]
[Result "0-1"]
[WhiteElo "2106"]
[BlackElo "2350"]
[PlyCount "134"]
[EventDate "2004.08.??"]
[EventType "tourn"]
[EventRounds "11"]
[EventCountry "RUS"]
[SourceTitle "EXT 2006"]
[Source "ChessBase"]
[SourceDate "2005.11.24"]
[SourceVersion "1"]
[SourceVersionDate "2005.11.24"]
[SourceQuality "1"]

1. e4 c5 2. Nf3 g6 3. d3 Bg7 4. c3 d6 5. g3 e5 6. Bg2 Nc6 7. 0-0 Nge7 8. Be3 0-0 9. Qd2 Bg4 10. h3 Be6 11. Na3 Rc8 12. Rfd1 b6 13. Bh6 f6 14. Bxg7 Kxg7 15. d4 Na5 16. d5 Bd7 17. Nh2 f5 18. f3 f4 19. g4 h5 20. Qf2 hxg4 21. hxg4 Rh8 22. Bf1 c4 23. Bg2 Ng8 24. Nf1 Qg5 25. Nd2 Nf6 26. Nc2 Rh4 27. Kf1 Rh2 28. Ne1 Bxg4 29. Qg1 Rch8 30. fxg4 Qxg4 31. Nef3 R2h6 32. Ke2 Nb7 33. Re1 Nc5 34. Kd1 Nd3 35. Re2 Nxb2+ 36. Kc2 Na4 37. Qb1 Qd7 38. Qb4 b5 39. Ng5 Ng4 40. Ne6+ Kf6 41. Rae1 Ke7 42. Bf3 Ne3+ 43. Kc1 Ra8 44. Nf1 a5 45. Qa3 Nxf1 46. Rxf1 Qb7 47. Rg1 Qb6 48. Rf1 Rh3 49. Nxf4 exf4 50. e5 Nc5 51. exd6+ Kf6 52. Kc2 b4 53. cxb4 Qxb4 54. Qb2+ Qxb2+ 55. Kxb2 g5 56. Bg4 Rd3 57. d7 Rd8 58. Re8 Rxd7 59. Bxd7 Nxd7 60. Re6+ Kf5 61. Rd6 Ne5 62. Re1 f3 63. Rd8 Ng4 64. Rg1 Nf6 65. d6 g4 66. Rc8 f2 67. Rf1 g3 0-1

[Event "Novosibirsk"]
[Site "Novosibirsk"]
[Date "2004.08.??"]
[Round "2"]
[White "Duisenova, Madina"]
[Black "Permiakov, Vladimir"]
[Result "1/2-1/2"]
[WhiteElo "2171"]
[BlackElo "2350"]
[PlyCount "66"]
[EventDate "2004.08.??"]
[EventType "tourn"]
[EventRounds "11"]
[EventCountry "RUS"]
[SourceTitle "EXT 2006"]
[Source "ChessBase"]
[SourceDate "2005.11.24"]
[SourceVersion "1"]
[SourceVersionDate "2005.11.24"]
[SourceQuality "1"]

1. d4 Nf6 2. Nf3 c5 3. d5 g6 4. Nc3 Bg7 5. e4 0-0 6. Be2 b5 7. e5 Ng4 8. Bf4 b4 9. Ne4 d6 10. exd6 exd6 11. 0-0 Nf6 12. Bg5 Re8 13. Nfd2 Bf5 14. Bd3 Bxe4 15. Nxe4 h6 16. Bxf6 Bxf6 17. Nxf6+ Qxf6 18. Qc1 Kg7 19. a3 Re7 20. axb4 cxb4 21. Re1 Nd7 22. Rxe7 Qxe7 23. Bb5 Nc5 24. Bc6 Rb8 25. h3 a6 26. Qd2 Qf6 27. Rb1 a5 28. b3 Rc8 29. Re1 Rc7 30. Qe2 h5 31. Qe8 Qc3 32. Re2 Qd4 33. Kh2 h4 1/2-1/2

[Event "Novosibirsk"]
[Site "Novosibirsk"]
[Date "2004.08.??"]
[Round "11"]
[White "Nebolsina, Vera"]
[Black "Permiakov, Vladimir"]
[Result "1/2-1/2"]
[WhiteElo "2218"]
[BlackElo "2350"]
[PlyCount "84"]
[EventDate "2004.08.??"]
[EventType "tourn"]
[EventRounds "11"]
[EventCountry "RUS"]
[SourceTitle "EXT 2006"]
[Source "ChessBase"]
[SourceDate "2005.11.24"]
[SourceVersion "1"]
[SourceVersionDate "2005.11.24"]
[SourceQuality "1"]

1. d4 Nf6 2. Nf3 c5 3. d5 g6 4. c4 d6 5. Nc3 Bg7 6. e4 0-0 7. h3 e5 8. dxe6 Bxe6 9. Be2 Nc6 10. 0-0 a6 11. Be3 Qb6 12. Na4 Qa5 13. e5 dxe5 14. Nxc5 Bc8 15. Na4 Rd8 16. Qb3 Nd4 17. Nxd4 exd4 18. Bf4 b5 19. Nc5 Bf8 20. Bg5 Qb6 21. Nd3 Re8 22. Rfe1 Ne4 23. Bf3 Bb7 24. Bxe4 Bxe4 25. Nf4 Qc5 26. Nd5 Bxd5 27. cxd5 Qb4 28. Kf1 Rac8 29. Qxb4 Bxb4 30. Rxe8+ Rxe8 31. a3 Ba5 32. Bf6 d3 33. Rd1 Kf8 34. b4 Bd8 35. Bxd8 Rxd8 36. Rxd3 Ke7 37. Ke2 Kd6 38. Rc3 Re8+ 39. Kd2 Re5 40. Rc6+ Kxd5 41. Rxa6 Kc4 42. Ra7 Rf5 1/2-1/2

[Event "Novosibirsk"]
[Site "Novosibirsk"]
[Date "2004.08.??"]
[Round "8"]
[White "Permiakov, Vladimir"]
[Black "Aketayeva, Dana"]
[Result "1-0"]
[WhiteElo "2350"]
[BlackElo "2223"]
[PlyCount "105"]
[EventDate "2004.08.??"]
[EventType "tourn"]
[EventRounds "11"]
[EventCountry "RUS"]
[SourceTitle "EXT 2006"]
[Source "ChessBase"]
[SourceDate "2005.11.24"]
[SourceVersion "1"]
[SourceVersionDate "2005.11.24"]
[SourceQuality "1"]

1. Nf3 d5 2. g3 Nf6 3. Bg2 e6 4. 0-0 Be7 5. c4 c6 6. Qc2 0-0 7. d4 Nbd7 8. Nbd2 b6 9. e4 dxe4 10. Nxe4 Nxe4 11. Qxe4 Bb7 12. Rd1 Nf6 13. Qe2 h6 14. Ne5 Qc7 15. Bf4 Bd6 16. c5 Bxe5 17. Bxe5 Qd8 18. Rac1 Rc8 19. Qf3 b5 20. Bf1 Qd5 21. Qa3 Ra8 22. Bg2 Qd8 23. Bd6 Re8 24. Re1 a5 25. Qf3 Nd5 26. a3 Bc8 27. Bf1 Bd7 28. Bd3 Ne7 29. Qe4 Ng6 30. h4 Qf6 31. Qg4 Ra7 32. Be5 Nxe5 33. dxe5 Qe7 34. Red1 f5 35. exf6 Qxf6 36. Qg6 Rf8 37. Qxf6 gxf6 38. Bf1 Kf7 39. Rd6 Ke7 40. f4 b4 41. a4 Rb8 42. Bc4 b3 43. Bxe6 Rb4 44. Re1 Bxe6 45. Rexe6+ Kf7 46. Rxf6+ Kg7 47. Rg6+ Kf8 48. Rdf6+ Ke8 49. Rg8+ Ke7 50. Rxc6 Rd7 51. Rg7+ Kd8 52. Rxd7+ Kxd7 53. Rb6 1-0

[Event "RUS-chT2"]
[Site "Novokuznetsk"]
[Date "2003.??.??"]
[Round "4"]
[White "Permiakov, Vladimir"]
[Black "Pokazanjev, Nikolai"]
[Result "0-1"]
[WhiteElo "2362"]
[BlackElo "2315"]
[PlyCount "81"]
[EventDate "2003.??.??"]
[EventType "team"]
[EventRounds "9"]
[EventCountry "RUS"]
[SourceTitle "EXT 2005"]
[Source "ChessBase"]
[SourceDate "2004.11.15"]
[SourceVersion "1"]
[SourceVersionDate "2004.11.15"]
[SourceQuality "1"]

1. Nf3 Nf6 2. c4 g6 3. g3 Bg7 4. Bg2 0-0 5. d4 d6 6. Nc3 Nbd7 7. 0-0 e5 8. e4 c6 9. h3 Qb6 10. dxe5 dxe5 11. Qc2 Re8 12. Be3 Qb4 13. Nd2 Qe7 14. a3 Nf8 15. b4 Ne6 16. Nb3 Nd7 17. Rfd1 a5 18. Nxa5 Nd4 19. Qb2 Nc5 20. Ne2 Na4 21. Qd2 Nxe2+ 22. Qxe2 Nc3 23. Qd2 Nxd1 24. Rxd1 Be6 25. Bc5 Qc7 26. Qe3 Red8 27. Rxd8+ Rxd8 28. Kh2 Rd7 29. Bb6 Qd6 30. Bc5 Qd1 31. Bf3 Qf1 32. Bg2 Qb1 33. Qe2 Bf8 34. Bxf8 Kxf8 35. Qe3 Kg7 36. Qc5 Qb2 37. b5 Qd4 38. Nb3 Qxc4 39. bxc6 bxc6 40. Qxe5+ f6 41. Qb8 0-1

[Event "RUS-chT2"]
[Site "Novokuznetsk"]
[Date "2003.??.??"]
[Round "7"]
[White "Shomoev, Anton"]
[Black "Permiakov, Vladimir"]
[Result "1-0"]
[WhiteElo "2541"]
[BlackElo "2362"]
[PlyCount "69"]
[EventDate "2003.??.??"]
[EventType "team"]
[EventRounds "9"]
[EventCountry "RUS"]
[SourceTitle "EXT 2005"]
[Source "ChessBase"]
[SourceDate "2004.11.15"]
[SourceVersion "1"]
[SourceVersionDate "2004.11.15"]
[SourceQuality "1"]

1. e4 c5 2. Nf3 Nc6 3. d4 cxd4 4. Nxd4 g6 5. Nc3 Bg7 6. Be3 Nf6 7. Bc4 Qa5 8. 0-0 0-0 9. Nb3 Qc7 10. Bg5 Qd8 11. Re1 d6 12. Qd2 Be6 13. Nd5 Bxd5 14. exd5 Ne5 15. Bf1 Rc8 16. Rac1 Qd7 17. c4 Qd8 18. Nd4 Re8 19. b3 a6 20. a4 a5 21. Rc3 Ned7 22. Rh3 Nc5 23. Qf4 Qb6 24. Qh4 Qb4 25. Ree3 Ncd7 26. Nb5 Qc5 27. Re1 Qb6 28. Rhe3 h6 29. Bxf6 Bxf6 30. Qxh6 Ne5 31. Rg3 Qc5 32. h4 Bg7 33. Qf4 Kh7 34. h5 Rh8 35. Rxe5 1-0